000 01013nam a2200337Ia 4500
003 OSt
005 20220912144613.0
006 a|||||r|||| 00| 0
007 ta
008 220909b |||||||| |||| 00| 0 eng d
020 _a0131436260 (hbk)
020 _aSL00859583
024 _a186134
037 _cTextual
040 _aCSL
_beng
_cCSL
041 _aeng
082 _aD65,8(B),2A, P4
100 _aSenn James A
245 0 _aInformation technology : principles, practices, opportunities
260 _aNew Jersey
_b Person
_c2004
300 _axxv,648p. ill.
500 _aConcise dictionary of IT terminology 617-632p.; Credits c.1-3p.; Subject index I.1-13p.
650 _a Data processing
650 _a database technology
650 _a Information storage and retrieval system
650 _a Network technology
650 _aInformation technology
700 _aSenn James A
942 _hD65,8(B),2A, P4
_cTEXL
_2CC
999 _c13344
_d13344